[Event "AUTO-MASTER-1167"]
[Site "http://www.queenalice.com/game.php?id=802153"]
[Date "2010.7.11"]
[Round "1"]
[White "kookaburra"]
[Black "seveneleven92"]
[Result "1-0"]
[WhiteElo "2130"]
[BlackElo "2019"]

1. e4 e5 2. Nf3 Nf6 3. d4 exd4 4. e5 Ne4 5. Qxd4 Nc5 6. Bg5 Be7 7. Nc3 Ne6 8.
Bxe7 Qxe7 9. Qe3 O-O 10. O-O-O Nc6 11. Nd5 Qd8 12. Bd3 b6 13. h4 Nc5 14. Ng5 h6
15. Nh7 Nxd3+ 16. Qxd3 g6 17. Nxf8 Kxf8 18. Qe3 Kg7 19. f4 Bb7 20. h5 Na5 21.
Nf6 d6 22. hxg6 fxg6 23. Rxh6 Kxh6 24. Rh1+ Kg7 25. Rh7+ Kf8 26. Qh3 Qxf6 27.
exf6 Bd5 28. Qh6+ Ke8 29. Qg7 Kd8 30. Rh8+ 1-0

[Event "AUTO-MASTER-1167"]
[Site "http://www.queenalice.com/game.php?id=802154"]
[Date "2010.7.11"]
[Round "1"]
[White "seveneleven92"]
[Black "cleber"]
[Result "1-0"]
[WhiteElo "2075"]
[BlackElo "2041"]

1. d4 d5 2. Nf3 Nf6 3. c4 c6 4. cxd5 cxd5 5. Nc3 Nc6 6. Bf4 e6 7. e3 Bd6 8. Bxd6
Qxd6 9. Be2 a6 10. O-O O-O 11. a3 Bd7 12. Bd3 Rac8 13. Qc2 b5 14. b4 Rc7 15. Ng5
h6 16. Nf3 Rfc8 17. Rac1 Nb8 18. Qd2 Be8 19. Ne5 Nbd7 20. f4 Nb6 21. f5 Nc4 22.
Bxc4 dxc4 23. fxe6 Qxe6 24. Rf4 Nh5 25. Rf2 f5 26. Rcf1 g6 27. e4 f4 28. Rxf4
Nxf4 29. Qxf4 Bc6 30. d5 Qe8 31. dxc6 Re7 32. Nd5 Re6 33. Nf6+ 1-0

[Event "AUTO-MASTER-1167"]
[Site "http://www.queenalice.com/game.php?id=802155"]
[Date "2010.7.11"]
[Round "1"]
[White "cleber"]
[Black "seveneleven92"]
[Result "0-1"]
[WhiteElo "2057"]
[BlackElo "2050"]

1. e4 e5 2. Nf3 Nc6 3. Bb5 d6 4. d4 Bd7 5. Nc3 Nf6 6. O-O Be7 7. Re1 O-O 8. Bxc6
Bxc6 9. dxe5 dxe5 10. Qxd8 Raxd8 11. Nxe5 Bxe4 12. Nxe4 Nxe4 13. Nd3 f5 14. f3
Bc5+ 15. Nxc5 Nxc5 16. Bg5 Rd5 17. c4 Rd4 18. Be7 Nd3 19. Bxf8 Nxe1 20. Bxg7
Nxf3+ 21. gxf3 Kxg7 22. b3 Rd2 23. Re1 Kf7 24. Re5 Kf6 25. Rc5 c6 26. a3 Rd6 27.
Ra5 a6 28. b4 Rd4 29. b5 cxb5 30. cxb5 Rd5 31. a4 axb5 32. Rxb5 Rxb5 33. axb5
Ke5 34. Kf2 f4 35. Ke2 Kd4 0-1

[Event "Challenge"]
[Site "http://www.queenalice.com/game.php?id=811220"]
[Date "2010.7.31"]
[Round "-"]
[White "seveneleven92"]
[Black "ensito"]
[Result "1-0"]
[WhiteElo "2043"]
[BlackElo "1844"]

1. e4 e5 2. f4 exf4 3. Nf3 d6 4. d4 g5 5. h4 f6 6. hxg5 fxg5 7. Bc4 Nh6 8. Nc3
Bg4 9. Qd3 Bxf3 10. Qxf3 Nd7 11. Qh5+ Ke7 12. Nd5+ Ke6 13. Nxc7+ Kf6 14. Nd5+
Ke6 15. Nxf4+ Kf6 16. Nd5+ Ke6 17. Nc7+ Kf6 18. Rf1+ 1-0

[Event "AUTO-MASTER-1132"]
[Site "http://www.queenalice.com/game.php?id=834037"]
[Date "2010.9.17"]
[Round "2"]
[White "zdzicho"]
[Black "seveneleven92"]
[Result "1/2-1/2"]
[WhiteElo "2303"]
[BlackElo "2066"]

1. d4 d5 2. Bf4 Nf6 3. e3 e6 4. h3 c5 5. Nf3 Be7 6. Be2 O-O 7. O-O b6 8. Nbd2
Ba6 9. Bxa6 Nxa6 10. Ne5 Rc8 11. c3 Nd7 12. Ndf3 f6 13. Nxd7 Qxd7 14. Re1 Nc7
15. Rc1 Rfe8 16. a3 a5 17. Bg3 Qb5 18. b3 Qd7 19. Qd2 Bd6 20. Bxd6 Qxd6 21. a4
e5 1/2-1/2

[Event "AUTO-MASTER-1132"]
[Site "http://www.queenalice.com/game.php?id=834038"]
[Date "2010.9.17"]
[Round "2"]
[White "seveneleven92"]
[Black "zdzicho"]
[Result "0-1"]
[WhiteElo "2111"]
[BlackElo "2323"]

1. d4 Nf6 2. Bg5 e6 3. e4 Be7 4. Bd3 d6 5. Nf3 c6 6. O-O O-O 7. Nc3 Nbd7 8. e5
dxe5 9. dxe5 Nd5 10. Bxe7 Qxe7 11. Nxd5 exd5 12. Re1 Nc5 13. Bf1 Bg4 14. c4 Rad8
15. h3 Be6 16. Qc2 Rfe8 17. Rad1 Qc7 18. Ng5 g6 19. Nxe6 Nxe6 20. cxd5 Rxd5 21.
Bc4 Rxe5 22. Qb3 Nc5 23. Rxe5 Rxe5 24. Qf3 Qe7 25. Kh2 Rf5 26. Qg3 b5 27. Bd3
Nxd3 28. Rxd3 Kg7 29. f3 Qe2 30. Rb3 c5 31. Qb8 Rg5 0-1

[Event "AUTO-MASTER-1132"]
[Site "http://www.queenalice.com/game.php?id=834041"]
[Date "2010.9.17"]
[Round "2"]
[White "seveneleven92"]
[Black "Econochess"]
[Result "1-0"]
[WhiteElo "2099"]
[BlackElo "2106"]

1. d4 Nf6 2. Bg5 h6 3. Bxf6 exf6 4. e3 d5 5. Bd3 Bd6 6. Nf3 Bg4 7. O-O Nd7 8.
Nbd2 c6 9. c4 dxc4 10. Bxc4 Qc7 11. h3 Be6 12. Rc1 Rc8 13. d5 Bf5 14. e4 Bh7 15.
dxc6 bxc6 16. Bd5 Qb6 17. Nc4 Qc7 18. Bxf7+ 1-0

[Event "AUTO-MASTER-1132"]
[Site "http://www.queenalice.com/game.php?id=834042"]
[Date "2010.9.17"]
[Round "2"]
[White "Econochess"]
[Black "seveneleven92"]
[Result "0-1"]
[WhiteElo "2119"]
[BlackElo "2081"]

1. d4 g6 2. c4 Bg7 3. e4 d6 4. Be3 c5 5. Nc3 Nc6 6. d5 Ne5 7. f4 Ng4 8. Qd2 Nxe3
9. Qxe3 Bd4 10. Qd2 Nh6 11. Nf3 Bg7 12. Be2 O-O 13. O-O Ng4 14. h3 Nf6 15. Rae1
Nh5 16. Nh2 Bd4+ 17. Kh1 Ng3# 0-1

[Event "Challenge"]
[Site "http://www.queenalice.com/game.php?id=835014"]
[Date "2010.9.19"]
[Round "-"]
[White "Ebbe"]
[Black "seveneleven92"]
[Result "0-1"]
[WhiteElo "1898"]
[BlackElo "2098"]

1. e4 e5 2. Nf3 Nf6 3. Nc3 Bb4 4. Nxe5 Qe7 5. d4 d6 6. Nd3 Nxe4 7. Qe2 Nxc3 8.
Qxe7+ Kxe7 9. Nxb4 Ne4 10. g3 Re8 11. Nd5+ Kd8 12. Be3 c6 13. Nf4 Bf5 14. O-O-O
Bg4 15. Rd3 Bf3 16. Rg1 Na6 17. Rb3 b5 18. d5 Bg4 19. dxc6 Nac5 20. Rxb5 Kc7 21.
Rb7+ Nxb7 22. cxb7 Kxb7 23. Bg2 Bd7 24. Nh5 Re5 25. Nf4 Bc6 26. Nd3 Re7 27. Nb4
a5 28. Nxc6 Kxc6 29. Rd1 Rd8 30. Bd4 f6 31. Re1 Rde8 32. Bc3 a4 33. Bxe4+ d5 34.
Bxh7 Rxe1+ 35. Bxe1 Rxe1+ 36. Kd2 Rb1 37. Kc3 d4+ 38. Kxd4 Rxb2 39. a3 Ra2 40.
f4 Rxa3 41. Kc4 Ra1 42. Be4+ Kb6 43. Kb4 a3 44. Kb3 a2 45. Kb2 Re1 46. Kxa2 Rxe4
0-1

[Event "AUTO-MASTER-1273"]
[Site "http://www.queenalice.com/game.php?id=860189"]
[Date "2010.11.17"]
[Round "1"]
[White "milo_krokodil4e"]
[Black "seveneleven92"]
[Result "1-0"]
[WhiteElo "2025"]
[BlackElo "2091"]

1. e4 e5 2. Nf3 Nf6 3. Nxe5 d6 4. Nf3 Nxe4 5. d4 d5 6. Bd3 Nc6 7. O-O Be7 8. Re1
Bf5 9. c4 Nb4 10. Bxe4 dxe4 11. Ne5 e3 12. Bxe3 Nc2 13. Qf3 Bg6 14. Nxg6 hxg6
15. Nc3 Nxa1 16. Bg5 f6 17. Nd5 fxg5 18. Qe4 O-O 19. Nxe7+ Kh8 20. Re3 g4 21.
Rh3+ 1-0

[Event "AUTO-MASTER-1273"]
[Site "http://www.queenalice.com/game.php?id=860190"]
[Date "2010.11.17"]
[Round "1"]
[White "seveneleven92"]
[Black "milo_krokodil4e"]
[Result "0-1"]
[WhiteElo "2072"]
[BlackElo "2105"]

1. d4 Nf6 2. c4 e6 3. Nf3 d5 4. Nc3 c6 5. Bg5 Be7 6. e3 h6 7. Bh4 O-O 8. Bd3
dxc4 9. Bxc4 Nbd7 10. e4 Qa5 11. O-O b5 12. Bd3 b4 13. Ne2 e5 14. dxe5 Nxe5 15.
Nxe5 Qxe5 16. Bg3 Qxb2 17. e5 Nd5 18. f4 Ne3 19. Qb3 Qxb3 20. axb3 Nxf1 21. Kxf1
a5 22. f5 Ba6 23. Bxa6 Rxa6 24. Rc1 Rc8 25. Nd4 c5 26. e6 a4 27. exf7+ Kxf7 28.
bxa4 Rxa4 29. Nb5 c4 30. Bd6 b3 31. Bxe7 Kxe7 32. Nd4 b2 0-1

[Event "AUTO-MASTER-1273"]
[Site "http://www.queenalice.com/game.php?id=860205"]
[Date "2010.11.17"]
[Round "1"]
[White "seveneleven92"]
[Black "dadge"]
[Result "0-1"]
[WhiteElo "2106"]
[BlackElo "2172"]

1. d4 Nf6 2. Bg5 e6 3. e4 Be7 4. Bd3 h6 5. Bxf6 Bxf6 6. e5 Be7 7. c3 d6 8. Nf3
dxe5 9. Nxe5 Nd7 10. Qe2 c5 11. O-O O-O 12. Nxd7 Bxd7 13. dxc5 Bxc5 14. Qe4 g6
15. Qe5 Bc6 16. Rd1 Bd6 17. Qe3 Kg7 18. Nd2 Qc7 19. Nf1 Bf4 20. Qe2 Qe5 21.
Qxe5+ Bxe5 22. Ne3 Rad8 23. Nc4 Bc7 24. Bc2 b5 25. Nd2 f5 26. Nb3 e5 27. Nc5 Kf6
28. Bb3 Rxd1+ 29. Rxd1 Rd8 30. Rxd8 Bxd8 31. a4 Be7 32. axb5 Bxb5 33. Ba4 Be2
34. Nb3 Bd1 35. Kf1 e4 36. Ke1 Bc2 37. Kd2 Bd3 38. Nc1 Bf1 39. g3 Ke5 40. Be8 g5
41. Ne2 Bc5 42. Ke1 Bg2 43. Bc6 f4 44. gxf4+ gxf4 45. b4 Bb6 46. c4 f3 47. Ng3
Kd4 48. Nxe4 Kxc4 49. b5 Kd3 50. Kd1 Bf1 51. Nd2 Be2+ 52. Kc1 Bxf2 53. Nxf3 Be3+
54. Kb2 Bf4 55. h3 Kc4 56. Bb7 Bf1 0-1

[Event "AUTO-MASTER-1273"]
[Site "http://www.queenalice.com/game.php?id=860206"]
[Date "2010.11.17"]
[Round "1"]
[White "dadge"]
[Black "seveneleven92"]
[Result "1-0"]
[WhiteElo "2096"]
[BlackElo "2105"]

1. e4 c5 2. Nf3 e6 3. d4 cxd4 4. Nxd4 Nf6 5. Nc3 d6 6. Be2 a6 7. a3 Be7 8. Be3
Qc7 9. O-O Nc6 10. Rc1 O-O 11. Qd2 b6 12. b4 Bb7 13. f3 Rac8 14. Na4 b5 15. Nxc6
Qxc6 16. Nb6 Rb8 17. c4 bxc4 18. Nxc4 Qd7 19. Rfd1 Rfd8 20. Nb6 Qe8 21. a4 Nd7
22. a5 Nxb6 23. Bxb6 Rdc8 24. Rc7 Rxc7 25. Bxc7 Rc8 26. Bxd6 Rd8 27. e5 Bxd6 28.
exd6 Qc6 29. Qd4 Kf8 30. Qc5 Qxc5+ 31. bxc5 Ke8 32. Rb1 Rd7 33. Rb6 Kd8 34. Bxa6
Bxa6 35. Rxa6 Kc8 36. Rb6 Ra7 37. a6 1-0

[Event "AUTO-MASTER-1273"]
[Site "http://www.queenalice.com/game.php?id=860207"]
[Date "2010.11.17"]
[Round "1"]
[White "seveneleven92"]
[Black "andrevillares"]
[Result "0-1"]
[WhiteElo "2078"]
[BlackElo "2077"]

1. d4 Nf6 2. Bg5 Ne4 3. Bf4 d5 4. f3 Nf6 5. Nc3 Bf5 6. Nb5 Na6 7. g4 Bg6 8. h4
h5 9. g5 Nd7 10. Bh3 c6 11. Nc3 e6 12. e4 Bb4 13. Ne2 O-O 14. a3 Bxc3+ 15. Nxc3
Qa5 16. Bd2 Qb6 17. Bc1 Rae8 18. b4 dxe4 19. Nxe4 Qc7 20. Qe2 Bxe4 21. fxe4 Qg3+
22. Kd1 Qxh4 23. Bg2 Qg4 24. Bf3 Qg3 25. Bxh5 Qc3 0-1

[Event "AUTO-MASTER-1273"]
[Site "http://www.queenalice.com/game.php?id=860208"]
[Date "2010.11.17"]
[Round "1"]
[White "andrevillares"]
[Black "seveneleven92"]
[Result "1-0"]
[WhiteElo "2060"]
[BlackElo "2095"]

1. d4 d5 2. c4 dxc4 3. e4 e5 4. d5 Nf6 5. Nc3 c6 6. Bxc4 Bb4 7. Bg5 O-O 8. Nf3
Bg4 9. O-O Qe7 10. h3 Bh5 11. dxc6 Nxc6 12. Nd5 Qd6 13. a3 Nxd5 14. exd5 Bxf3
15. Qxf3 Nd4 16. Qd3 Ba5 17. b4 Bb6 18. Rfe1 Kh8 19. Rac1 f5 20. Kh1 a6 21. Bd2
Rae8 22. Bc3 f4 23. Ba2 Nf5 24. Qe4 1-0